000 00518nam a2200181Ia 4500
999 _c30198
_d30198
003 OSt
005 20201231121237.0
008 190216s9999||||xx |||||||||||||| ||und||
020 _a9789352821174
040 _coclc
082 _a894.812301
_bKAK/K
100 _aKakkanadan, G V
_96639
245 0 _aKochuveetil Raman Pathrose /
_cG V Kakkanadan
260 _bD C Books,
_c2017.
_aKottayam:
300 _a143p
650 _aMalayalam
942 _cBK
_2ddc
_h894.812301
_iKAK/K
_k894.812301
_mKAK/K